Sports Quiz

Random Sports or NFL Quiz
Score 0/32 Timer 10:00
1 Play Today
% Correct
Baltimore Ravens
80.9%
New York Giants
80.3%
Kansas City Chiefs
75.2%
New England Patriots
75.1%
Las Vegas Raiders
73.4%
Seattle Seahawks
72.5%
Buffalo Bills
72.1%
Green Bay Packers
72%
Cincinnati Bengals
71.3%
Denver Broncos
71%
Atlanta Falcons
69.6%
Carolina Panthers
69.2%
Los Angeles Rams
68.8%
Indianapolis Colts
68.2%
Arizona Cardinals
66.3%
Pittsburgh Steelers
66%
% Correct
Houston Texans
65.5%
San Francisco 49ers
64.9%
New Orleans Saints
64.8%
Minnesota Vikings
64%
Philadelphia Eagles
62.9%
Chicago Bears
62.9%
Tampa Bay Buccaneers
61.9%
Detroit Lions
61.5%
Los Angeles Chargers
59.6%
Dallas Cowboys
58.1%
New York Jets
56.6%
Cleveland Browns
56%
Washington Football Team
52.8%
Jacksonville Jaguars
52.1%
Miami Dolphins
50.5%
Tennessee Titans
49.6%
Remove Ads.
Support Sporcle.
Get the best of Sporcle when you Go Orange. This ad-free experience offers more features, more stats, and more fun while also helping to support Sporcle. Thank you for becoming a member.

You're not logged in!

Compare scores with friends on all Sporcle quizzes.
OR
Log In

Sporcle TV

Today on Sporcle TV


Watch our educational content, quiz creation guides, and fun videos on Sporcle TV.

Show Comments

Extras

Top Quizzes Today


Score Distribution

Paid Content

Your Account Isn't Verified!

In order to create a playlist on Sporcle, you need to verify the email address you used during registration. Go to your Sporcle Settings to finish the process.

Report this User

Report this user for behavior that violates our Community Guidelines.

Details: